000 00656nam a22002057a 4500
005 20100811155237.0
010 _aENG-99657
020 _a8190774190
_c85.00
035 _aEN-83189
037 _bDBAD/PUB
082 _a910
100 _aLakshmi, G.
_911360
245 _aDevelopment of Geography /
_cby G. Lakshmi
260 _aChennai
_bThirukkural Pathippagam
_c2009
270 _aNo. 66/1, Periyar Street, M. G. R. Nagar,
_bChennai
_e600078
300 _a108p.
_c20cm (pbk)
700 _911291
942 _2ddc
_cEN
_h910
_mLAK
999 _c41180
_d41180